000 01078njm a22002657a 4500
005 20100904160656.0
007 sd ammalaaahaa
008 100901t xxu||||| |||| 00| 0 hin d
028 _aN.53343
_bHis Master's Voice
028 _aOJE.15523
_bHis Master's Voice
035 _aGR-657
040 _aSED/VEN
100 _917815
_aMangeshker, Lata
245 _aGambler /
_cby Lata Mangeshker
_h[sound recording] :
_bHindustani
246 _aगम्ब्लेर ( लता मंगेशकर )
260 _aDum Dum, India
_bHis Master's Voice
300 _a1 sound disc :
_banalog, 33 1/3 rpm
_c10 in.
500 G _aBrief record
505 _aMore rasia sajan ghar ajaa part1( मोरे रसिया सजन घर आजा ) पार्ट १, Nazron se aaj dil mein part 2 (नज़रों से आज दिल में ) पार्ट २
650 _aClassical music
_xExcerpts
_zIndia
_917813
700 _918219
700 _918220
942 _2ddc
_cGR
999 _c43853
_d43853